Normal view
MARC view
Entry Personal Name
001 - CONTROL NUMBER
- control field: 1236835
003 - CONTROL NUMBER IDENTIFIER
- control field: OSt
005 - DATE AND TIME OF LATEST TRANSACTION
- control field: 20260430150222.0
008 - FIXED-LENGTH DATA ELEMENTS
- fixed length control field: 260430|| aca||aabn | a|a d
040 ## - CATALOGING SOURCE
- Original cataloging agency: OSt
- Transcribing agency: OSt
100 ## - HEADING--PERSONAL NAME
- Personal name: Gupta Aradhana Au.; Barua Ananya Gu
670 ## - SOURCE DATA FOUND
- Source citation: Work cat.: (OSt)1849247: Gupta Aradhana Au.; Barua Ananya Gu., Are the statue and the clay identical?: a study of kathrin koslicki's reponse to the problem of material constitution, 2021
